Statistics for Three Real and One Fake - Movies

Click here to take the quiz!

General Stats

  • This quiz has been taken 18,707 times
  • The average score is 9 of 15

Answer Stats

QuestionAnswer% Correct
Disney animated moviesShrek
83%
Actresses who became famous before age 18Gal Gadot
77%
MusicalsClue
71%
Stars who died young (before age 40)Shirley Temple
69%
Actors who have starred in the Marvel Cinematic UniverseKatherine Heigl
64%
Winners of the Oscar for Best PicturePulp Fiction
64%
Film score composersJoel Silver
62%
Actors who starred in Ocean's Eleven (2001)Jet Li
58%
Mob movies starring Robert de NiroDonnie Brasco
53%
Movies with a man who dressed up like a woman or played a female characterMommie Dearest
53%
Movies of the 1990sSuperman
53%
Movies set in the Detroit areaThe Breakfast Club
52%
Movies about dancingMoonstruck
41%
Black and white moviesLawrence of Arabia
40%
Arnold Schwarzenegger co-starsPaul Reiser
40%

Score Distribution

Percentile by Number Answered

Percent of People with Each Score

Your Score History

You have not taken this quiz